Statistics for Every player who has played a CS:GO Major

Click here to take the quiz!

General Stats

  • This quiz has been taken 24 times
  • The average score is 278 of 496

Answer Stats

amountNationalityAnswer% Correct
5FinlandAleksib
100%
17FranceapEX
100%
6BrazilarT
100%
3RussiaAx1Le
100%
4Ukraineb1t
100%
4Latviabroky
100%
7Russiachopper
100%
10Brazilcoldzera
100%
16Denmarkdevice
100%
11RussiaDosia
100%
4Brazildrop
100%
19Denmarkdupreeh
100%
4Polanddycha
100%
12United StatesEliGE
100%
14BrazilFalleN
100%
1GermanyfaveN
100%
13Brazilfer
100%
4RussiaFL1T
100%
13Denmarkgla1ve
100%
6Germanygob b
100%
14SlovakiaGuardiaN
100%
11FranceHappy
100%
8KazakhstanHObbit
100%
3DenmarkHooXi
100%
4Bosnia and HerzegovinahuNter-
100%
3Russiainterz
100%
4Denmarkjabbi
100%
6RussiaJame
100%
8Norwayjkaem
100%
8Australiajks
100%
14SwedenJW
100%
7Denmarkk0nfig
100%
17Denmarkkarrigan
100%
7DenmarkKjaerbye
100%
2GermanyKrimbo
100%
16SwedenKRIMZ
100%
6BrazilKSCERATO
100%
5AustraliaLiazz
100%
9DenmarkMagisk
100%
3Russiamagixx
100%
2Russian0rb3r7
100%
10CanadaNAF
100%
3Russianafany
100%
14FranceNBK-
100%
14PolandNEO
100%
1IsraelNertZ
100%
10Germanynex
100%
3Serbianexa
100%
12Bosnia and HerzegovinaNiKo
100%
2Denmarkniko
100%
16Swedenolofmeister
100%
13PolandpashaBiceps
100%
5RussiaPerfecto
100%
16Norwayrain
100%
8Estoniaropz
100%
13Ukraines1mple
100%
1Germanys1n
100%
4Brazilsaffee
100%
3Russiash1ro
100%
2Polandsiuhy
100%
4Denmarksjuush
100%
13PolandSnax
100%
7United StatesStewie2K
100%
10BrazilTACO
100%
12PolandTaZ
100%
4DenmarkTeSeS
100%
5Swedentwist
100%
8CanadaTwistzz
100%
17DenmarkXyp9x
100%
6Brazilyuurih
100%
15UkraineZeus
100%
6FranceZywOo
100%
3DenmarkacoR
89%
4United StatesadreN
89%
12KazakhstanAdreN
89%
5United Statesautimatic
89%
6Brazilboltz
89%
6RussiaBoombl4
89%
8DenmarkcadiaN
89%
4Russiadegster
89%
5Australiadexter
89%
10RussiaelectroNic
89%
12Swedenf0rest
89%
1Russiafame
89%
5Brazilfelps
89%
3SwedenFifflaren
89%
2IsraelflameZ
89%
2United Statesfloppy
89%
14Swedenflusha
89%
3Brazilfnx
89%
9Swedenfriberg
89%
12SwedenGeT_RiGhT
89%
3United StatesGrim
89%
3Kosovogxx-
89%
3Polandhades
89%
1Norwayhallzerk
89%
1BrazilHEN1
89%
9United StatesHiko
89%
2RomaniaiM
89%
2GermanyJDC
89%
1LithuaniajL
89%
2South AfricaJT
89%
2Germanyk1to
89%
14FrancekennyS
89%
11FrancekioShiMa
89%
1PolandKylar
89%
2Russiam0NESY
89%
2Uruguaymax
89%
2United Kingdommezii
89%
4Russiamir
89%
6Kazakhstanmou
89%
2DenmarkNico
89%
12United Statesnitr0
89%
3United StatesoSee
89%
8Swedenpronax
89%
3Denmarkrefrezh
89%
7SwedenREZ
89%
9FranceRpK
89%
5United StatesRUSH
89%
17Franceshox
89%
10United StatesSkadoodle
89%
5DenmarkSnappi
89%
4IsraelSpinx
89%
4Denmarkstavn
89%
4SlovakiaSTYKO
89%
3GermanysyrsoN
89%
8GermanytabseN
89%
9United Statestarik
89%
2Hungarytorzsi
89%
4Turkeywoxic
89%
11SwedenXizt
89%
7Finlandallu
78%
1DenmarkblameF
78%
5Kazakhstanbuster
78%
13Polandbyali
78%
4BulgariaCeRq
78%
3Brazilchelo
78%
2Uruguaydgt
78%
2Brazildumau
78%
13UkraineEdward
78%
2Denmarkes3tag
78%
2PolandF1KU
78%
2CanadaFaNg
78%
12Russiaflamie
78%
3Swedenhampus
78%
1Ukraineheadtr1ck
78%
2Swedenisak
78%
4FranceJACKZ
78%
1PolandKEi
78%
1FranceKyojin
78%
1North Macedoniakyxsan
78%
2Brazillatto
78%
1Polandmynio
78%
1Swedennawwk
78%
2CzechiaNEOFRAG
78%
4Denmarknicoodoz
78%
2RussiaPatsi
78%
6KazakhstanQikert
78%
4Polandrallen
78%
4DenmarkroeJ
78%
2Russias1ren
78%
9BelgiumScreaM
78%
5Ukrainesdy
78%
12Russiaseized
78%
2Finlandsergej
78%
3SpainSunPayus
78%
5GermanytiziaN
78%
5BrazilVINI
78%
1Ukrainew0nderful
78%
4TurkeyXANTARES
78%
2IsraelxertioN
78%
4LatviaYEKINDAR
78%
2United KingdomALEX
67%
1SpainALEX
67%
4AustraliaaliStair
67%
3FranceAMANEK
67%
3MongoliabLitz
67%
4United StatesBrehze
67%
4SwedenBrollan
67%
1LithuaniaBymas
67%
13Denmarkcajunb
67%
3TurkeyCalyx
67%
10NetherlandschrisJ
67%
1United KingdomCYPHER
67%
2Canadadaps
67%
1UkraineDemQQ
67%
10Swedendennis
67%
2FranceDEVIL
67%
2NetherlandsFASHR
67%
5Portugalfox
67%
4Slovakiafrozen
67%
1PolandGoofy
67%
2Brazilhardzao
67%
3Kosovojuanflatroo
67%
3BelgiumKeoz
67%
2BrazilkNgV-
67%
1PolandkRaSnaL
67%
2BrazilLUCAS1
67%
3MontenegroMaden
67%
12Ukrainemarkeloff
67%
2PolandMICHU
67%
2Francemisutaaa
67%
10United Statesn0thing
67%
3SwitzerlandrigoN
67%
3KosovoSENER1
67%
7Canadashroud
67%
11FranceSmithZz
67%
6GermanySpiidi
67%
1DenmarkStaehr
67%
4Brazilsteel
67%
1Canadasteel
67%
1PolandSZPERO
67%
1United KingdomThomas
67%
1Argentinatry
67%
2AustraliaVexite
67%
1United Kingdomvolt
67%
1UkraineWoro2k
67%
2FinlandxseveN
67%
2Brazilzevy
67%
3DenmarkZyphon
67%
9UkraineANGE1
56%
4CanadaAZK
56%
8AustraliaAZR
56%
9UkraineB1ad3
56%
2Brazilbiguzera
56%
6Francebodyy
56%
7Ukrainebondik
56%
1JordanBOROS
56%
1Argentinabuda
56%
1NetherlandsCRUC1AL
56%
9Germanydenis
56%
2SwedenDevilwalk
56%
8BelgiumEx6TenZ
56%
2RussiaForester
56%
3United Statesfreakazoid
56%
2New ZealandGratisfaction
56%
3Polandinnocent
56%
4AustraliaINS
56%
3RussiaJerry
56%
1BrazilJOTA
56%
3FranceKQLY
56%
3RussiaKrad
56%
2BrazilLucaozy
56%
5SwedenMaikelele
56%
2TurkeyMAJ3R
56%
5SwitzerlandManiac
56%
1Polandmouz
56%
9DenmarkMSL
56%
1Brazilnqz
56%
6DenmarkPimp
56%
1UzbekistanSANJI
56%
8United Statesseangares
56%
3Kosovosinnopsyy
56%
1Brazilskullz
56%
3FinlandsuNny
56%
4United Statesswag
56%
3MongoliaTechno4K
56%
3AustraliaUSTILO
56%
4Denmarkvalde
56%
1Brazilv$m
56%
10RussiaWorldEdit
56%
3Swedenznajder
56%
2BrazilableJ
44%
2FinlandAerial
44%
11Denmarkaizy
44%
2MongoliaAnnihilation
44%
4ChinaAttacker
44%
1MongoliaBart4k
44%
2Chiledav1d
44%
1Spaindav1g
44%
5RussiaDavCost
44%
1SpainDeathZz
44%
2United StatesEthan
44%
1Brazilexit
44%
4DenmarkFeTiSh
44%
3CanadaFNS
44%
2PolandFurlan
44%
3Denmarkgade
44%
3SwedenGolden
44%
2PolandGruBy
44%
1Mongoliahasteka
44%
5United Stateshazed
44%
1CanadaHexT
44%
2Russiahooch
44%
1DenmarkHUNDEN
44%
2PolandHyper
44%
1TurkeyimoRR
44%
6United Statesjdm64
44%
1United Statesjunior
44%
1RomanialauNX
44%
3GermanyLEGIJA
44%
5SwedenLekr0
44%
1SwedenLNZ
44%
2FranceLucky
44%
1DenmarkLucky
44%
3Australiamalta
44%
1PolandMINISE
44%
1Spainmopoz
44%
2KazakhstanneaLaN
44%
1RussiaNickelBack
44%
1Ukrainenpl
44%
4Czechiaoskar
44%
1FinlandottoNd
44%
2Turkeypaz
44%
1BrazilPKL
44%
1Swedenpyth
44%
4AustraliaRickeh
44%
1Argentinarox
44%
4NorwayRUBINO
44%
5CanadaSEMPHIS
44%
5New ZealandSico
44%
2Mongoliask0R
44%
1Germanyslaxz-
44%
1Polandsnatchie
44%
4Chinasomebody
44%
4AustraliaSPUNJ
44%
6Canadastanislaw
44%
4ChinaSummer
44%
3Denmarktenzki
44%
1BrazilTuurtle
44%
3FranceUzzziii
44%
6RussiawayLander
44%
2BrazilWOOD7
44%
1Turkeyxfl0ud
44%
2Brazilzews
44%
1Denmarkzonic
44%
2Russiazorte
44%
1Brazilzqk
44%
1DenmarkAcilioN
33%
1Russiaalmazer
33%
1Brazilb4rtiN
33%
3IndonesiaBnTeT
33%
1ChinacaptainMo
33%
1ChinaDANK1NG
33%
1CanadaDAVEY
33%
3United StatesDaZeD
33%
1ChinaDD
33%
3HungaryDeadFox
33%
1SwedenDelpan
33%
1Swedendisco doplan
33%
1RussiaEl1an
33%
1LithuaniaEspiranTo
33%
1Russiafacecrack
33%
1DenmarkFarlig
33%
2Hong KongFreeman
33%
1Turkeyhardstyle
33%
2AustraliaHatz
33%
4AustraliaHavoc
33%
3JordanISSAA
33%
4UkrainejR
33%
2Malaysiakaze
33%
1RussiaKENSI
33%
2Russiakeshandr
33%
1United Stateskoosta
33%
4GermanykRYSTAL
33%
5RussiakUcheR
33%
3LithuaniaKvik
33%
1KazakhstanLack1
33%
1SerbiaLETN1
33%
1ArgentinaLuken
33%
2Spainmixwell
33%
2BrazilNEKIZ
33%
2United StatesNifty
33%
1RussiaNorwi
33%
2United StatesoBo
33%
2Polandpeet
33%
2Swedenpita
33%
2SwedenPlopski
33%
2NorwayPolly
33%
1Russiar3salt
33%
5United StatesShahZaM
33%
2Russiashalfey
33%
2UkraineShara
33%
2FranceSIXER
33%
1United Kingdomsmooya
33%
2AustraliaSnypeR
33%
5Ukrainestarix
33%
1SwedenTHREAT
33%
2RussiawaterfaLLZ
33%
1Russiaxsepower
33%
1Australiayam
33%
1IndiaAce
22%
2United Statesanger
22%
1United Statesarya
22%
1ChinaaumaN
22%
2Russiabalblna
22%
1Ukraineceh9
22%
2UkraineCOLDYY1
22%
2Ukrainecrush
22%
1Swedencype
22%
3United Kingdomdephh
22%
1BrazilDeStiNy
22%
1South AfricaDetrony
22%
1Francedevoduvek
22%
2AustraliaDickStacy
22%
2RussiaDima
22%
1Kazakhstandimasick
22%
1Finlanddoto
22%
1Swedendraken
22%
1Australiaemagine
22%
2MongoliaerkaSt
22%
2Kazakhstanfitch
22%
2DenmarkFriis
22%
3United StatesFugLy
22%
3FranceGMX
22%
1EstoniaHS
22%
4Russiahutji
22%
1AustraliaJames
22%
1CanadajasonR
22%
2Russiajmqa
22%
2DenmarkJUGi
22%
2Mongoliakabal
22%
2Germanykeev
22%
1FinlandKHRN
22%
1ChinaLOVEYY
22%
3SpainloWel
22%
1FrancemaLeK
22%
1SwedenMODDII
22%
1Finlandnatu
22%
1TurkeyngiN
22%
1Lithuanianukkye
22%
1United StatesProfessor_Chaos
22%
1United Statesptr
22%
2Denmarkraalz
22%
1KazakhstanRamz1kBO$$
22%
5United StatesreltuC
22%
2RussiaS0tF1k
22%
3United StatesSicK
22%
1ChinaSLOWLY
22%
1Russiaspaze
22%
1Russiaspeed4k
22%
1Germanystavros
22%
1New Zealandsterling
22%
1Azerbaijant0rick
22%
3Russiatonyblack
22%
3AustraliatopguN
22%
1United Statesvice
22%
1FinlandxartE
22%
2Indonesiaxccurate
22%
1United Statesyay
22%
2FinlandzehN
22%
1United StatesZellsis
22%
1SlovakiaZero
22%
1ChinazhokiNg
22%
1United StatesabE
11%
1Chinaadvent
11%
1GermanyalexRr
11%
1CanadaANDROID
11%
1IndiaastaRR
11%
1SwedenBENDJI
11%
1Swedenberg
11%
1South AfricabLacKpoisoN
11%
1South AfricaCent
11%
1Norwaycenteks
11%
1DenmarkcoloN
11%
1United Statesdesi
11%
1South AfricadeviaNt
11%
1FinlanddiSTURBED
11%
1SwedenDumas
11%
2DenmarkEXR
11%
1Germanyfel1x
11%
1Francefxy0
11%
2FranceHaRts
11%
1Brazilhistory
11%
1FranceioRek
11%
1Braziljnt
11%
1ChinaKarsa
11%
1Russiakinqie
11%
2KazakhstanKrizzeN
11%
2DenmarkLOMME
11%
1IndiaMithilF
11%
1Mongolianin9
11%
1Brazilpancc
11%
1Norwayprb
11%
1Germanyr0bs3n
11%
1South AfricaRacno
11%
1BrazilrealziN
11%
1IndiaRiTz
11%
1IndiaRiX
11%
1Swedenrobiin
11%
2FranceSf
11%
1NorwaySkurk
11%
1SwedenSKYTTEN
11%
3DenmarksmF
11%
1Finlandstonde
11%
1Germanystrux1
11%
1Russiasvyat
11%
2GermanyTroubley
11%
1Russiaub1que
11%
1Norwayultra
11%
1Brazilxand
11%
1Swedenxelos
11%
1Francexms
11%
1Brazilyel
11%
1Swedenzende
11%
1NorwayzEVES
11%

Score Distribution

Percentile by Number Answered

Percent of People with Each Score

Your Score History

You have not taken this quiz